00465 a2200097 4500001001000000005001700010008004100027245020900068100002900277773006100306ART_3064820260410162003.0260409a 10aHacia una visión histórico-anticipativa de los países del Mercosur, España y Portugal en término de una dinámica societal basada en el cambio generacional de las motivaciones de sus habitantes1 aMallmann, Carlos Alberto0 tForo económicog- Año V, Nº 9 (dic. 1999)wREV30369